00701nam a2200169Ia 4500008004100000020001500041041000800056082001700064100004900081245016100130250000600291260005100297300001200348650002600360999001900386952012600405210716s2005 xx 000 0 und d a812241625X aeng a005.713 COLP aColeman, Pat;Dyson, Peter;Nelson, Stephen L. aMBA'S guide to windows xp professional: the essential windows reference for business professionals.bEssential windows reference for business professionals. a1 aNew DelhibNew Age International Pvt Ltdc2005 axxx,625 aComputer Fundamentals c199170d199170 001040708MBAaAIMITbAIMITd2005-07-22g345.00l0o005.713 COLPpMBA01735r2026-05-23 00:00:00v276.00w2021-07-16yBK